WSL Teams - 23-24 - Statistics

General Stats
  • This quiz has been taken 490 times
  • The average score is 10 of 12
Answer Stats
Answer % Correct
Arsenal
99%
Chelsea
99%
Manchester City
98%
Manchester United
98%
Liverpool
92%
Aston Villa
90%
West Ham United
88%
Brighton & Hove Albion
85%
Tottenham Hotspur
83%
Everton
75%
Leicester City
72%
Bristol City
68%
No matching quizzes found
Score Distribution
Percent of People with Each Score
Percentile by Number Answered
Your Score History
You have not taken this quiz